Pareja hoy: ¿Por qué no anda?

Saved in:
Bibliografiske detaljer
Hovedforfatter: Allendes, Cecilia (autora)
Andre forfattere: Foxley, Ana María (autora)
Format: Bog
Sprog:spansk
Udgivet: Santiago, Chile: Editorial Los Andes, 1989.
Serier:Pareja Hoy, 1
Fag:
Tags: Tilføj Tag
Ingen Tags, Vær først til at tagge denne postø!

MARC

LEADER 00000nam a2200000 a 4500
001 UCG2588
003 CL-VaPUC
005 20240823092702.0
008 100715t19891000CL |||||||||||||||||spa|d
999 |c 341723  |d 341721 
040 |c Pontificia Universidad Católica de Valparaíso 
082 0 7 |a 158.2 ALL 1989  |2 22 
100 0 |a Allendes, Cecilia  |e autora  |9 551061 
245 1 0 |a Pareja hoy:  |b ¿Por qué no anda? 
260 |a Santiago, Chile:  |b Editorial Los Andes,  |c 1989. 
300 |a 96 páginas. 
490 0 |a Pareja Hoy, 1 
500 |a c.2 donación memo Biblioteca de Educación 14 de agosto de 2024. 
583 |a last modification  |c 20100715 00:00:00  |k Rodrigo Vera 
650 0 |a Relaciones de pareja  |9 551063  |x Crisis matrimonial 
650 0 |a Relaciones interpersonales  |9 307056  |x Resolución de conflictos 
700 0 |a Foxley, Ana María  |e autora  |9 551062 
942 |c BK  |2 ddc 
945 |d 20100715 00:00:00  |a mfarfan 
952 |0 0  |1 0  |4 0  |6 158_200000000000000_ALL_1989  |7 0  |8 A  |9 437409  |a BIBGIM  |b BIBGIM  |d 2019-11-22  |i 4692934  |o 158.2 ALL 1989  |p 4692934  |r 2025-01-15  |w 2019-11-22  |y BK  |k GIM 
952 |0 0  |1 0  |2 ddc  |4 0  |6 158_200000000000000_ALL_1989  |7 0  |8 A  |9 596371  |a BIBEDU  |b BIBEDU  |d 2024-08-23  |e Donación  |i 5662469  |o 158.2 ALL 1989  |p 5662469  |r 2024-08-23  |t 2  |w 2024-08-23  |y BK  |k PSI